000 01195nam a22002777a 4500
003 OSt
005 20230109110720.0
007 cr ||||||a|c|a
008 221201s2021 mx a|||fom||| 001 0 spa d
040 _erda
100 1 _9185767
_aRamírez Pacheco, Ilse Wendy
245 1 _aZonificación agroecológica del cultivo de maíz bolita en el municipio de Santa Cruz Mixtepec, Zimatlán, Oaxaca /
_cpor Ilse Wendy Ramírez Pacheco, director de tesis Juan Juárez Méndez.
264 1 _aChapingo, México :
_bEl autor,
_c2021.
300 _a1 recurso en línea (119 páginas).
_bcuadros, figuras.
336 _2rdacontent
_atexto
_btxt
337 _2rdamedia
_acomputadora
_bc
338 _2rdacarrier
_arecurso en línea
_bcr
502 _bIRNR
_cSuelos
_d2021.
_gLIC
504 _aIncluye referencias bibliográficas: páginas71-74.
650 4 _9130231
_aMaiz
_xZonificación
650 4 _9155646
_aMaíz
_xCultivo
_xOaxaca
650 4 _9145087
_aCondiciones agroecológicas
700 1 _962457
_aJuárez Méndez, Juan
_eDirector de tesis.
856 _uhttp://10.13.5.2/tesis/tl/2021_SU_Ramirez_Pacheco_IlseWendy.pdf
_zDESCARGAR PDF
942 _2Clasificación Universidad Autónoma Chapingo
_cTD
999 _c217907
_d217907